| 000 | 00530nam a22001937a 4500 | ||
|---|---|---|---|
| 003 | Ost | ||
| 005 | 20250319193635.0 | ||
| 008 | 220520b |||||||| |||| 00| 0 eng d | ||
| 020 | _a9780471289685 | ||
| 040 | _cBT-PhCST | ||
| 050 | _a24387-24390 | ||
| 082 |
_222 _a741.2 _bCHI |
||
| 100 | _aChing, Francis D.K. | ||
| 245 |
_aDrawing : _ba creative progess / |
||
| 260 |
_aNew York : _bJohn Wiley & Sons, _cc1990 |
||
| 300 |
_a206 p. : _bill. ; _c22 cm. |
||
| 500 | _aIncludes bibliographical references (p. 201). | ||
| 942 |
_2ddc _cAE |
||
| 999 |
_c8363 _d8363 |
||